000
00359nam a2200145Ia 4500
008
231129s1996||||xx |||||||||||||| ||spa||
020
_a
958-04-1265-0
040
_b
spa
082
_a
(i) 808.068543 S443e
100
_a
Sebestyen Ouida
245
0
_a
Encerrada
260
_c
1996
264
_a
Norma
942
_2
ddc
_c
BKS
999
_c
12925
_d
12925